000 00361nam a2200109Ia 4500
008 171212s9999 xx 000 0 und d
100 _aShurkin, Michael
245 _cShurkin, Michael
_aFrance's War in Mali
_bLessons for an Expeditionary Army
260 _bRAND Corporation
_c2014
650 _aHistory
856 _uhttp://www.jstor.org/stable/10.7249/j.ctt14bs2pj
999 _c352103
_d352103